000 00648nam a22002057a 4500
005 20170529143704.0
010 _aENG-118424
020 _c2495.00
_a9788131251027
035 _aEN-101956
037 _bDBAD/PUB
082 _a346.5401602632
100 _aDesa, Kumud
245 _aKumud Desai's Indian law of marrige and divorce /
_cby Kumud Desai
250 _a10th ed.by Kusum
260 _aGurgaon
_bLexis Nexis
_c2017
270 _a14th Floor Building N0-10,Tower-B,DLF Cyber City Phase-II
_bGurgaon (Haryana)
_e122002
300 _acxv,1364p.
_c24cm(pbk)
700 _aKusum
942 _2ddc
_cEN
_h346.5401602632
_mDES
999 _c140467
_d140467